Dzielnica Krakowa czy Warszawy? - klikanie - Statystyki

Ogólne statystyki
  • Ten quiz został rozwiązany 80 razy
  • Średni wynik to 23 z 24
Statystyki odpowiedzi
Hint Odpowiedź % Poprawnych
Mistrzejowice Kraków
100%
Nowa Huta Kraków
99%
Bieńczyce Kraków
99%
Swoszowice Kraków
99%
Krowodrza Kraków
99%
Włochy Warszawa
99%
Czyżyny Kraków
97%
Podgórze Kraków
97%
Praga-Północ Warszawa
97%
Rembertów Warszawa
97%
Ursynów Warszawa
97%
Mokotów Warszawa
97%
Wilanów Warszawa
97%
Bemowo Warszawa
97%
Bronowice Kraków
96%
Wzgórza Krzesławickie Kraków
96%
Dębniki Kraków
96%
Wola Warszawa
96%
Białołęka Warszawa
96%
Śródmieście Warszawa
95%
Targówek Warszawa
95%
Grzegórzki Kraków
93%
Bielany Warszawa
85%
Stare Miasto Kraków
73%
Nie znaleziono quizów pasujących do podanych kryteriów
Rozkład punktacji
Procent ludzi z każdym wynikiem
Percentyl według liczby udzielonych odpowiedzi
Twoja historia wyników
Nie rozwiązałeś tego quizu